| 000 | 00868nam0a22002411 4500 | ||
|---|---|---|---|
| 001 | rc\4943850 | ||
| 005 | 20260406152914.0 | ||
| 021 |
_aRU _bРг7909-67 |
||
| 035 | _a(NLR Aleph) 008854204 | ||
| 090 |
_a8419861 _c8419861 |
||
| 100 | _a20130426d1966 |||y0rusy50 ca | ||
| 101 | 0 | _arus | |
| 102 | _aRU | ||
| 105 | _aa b ||||| | ||
| 200 | 1 |
_aФототовары _eКаталог _fМТ УССР. Харьк. база культтоваров Укропткультспортторга |
|
| 210 |
_aХарьков _cПрапор _d[1966] |
||
| 215 |
_a1 л., слож. в [12] с. _cил. _d19 |
||
| 712 | 0 | 2 |
_aХарьковская межобл. оптовая база по торговле культтоварами _3RU\NLR\AUTH\889928352 _9352326 |
| 801 | 0 |
_aRU _bNLR _gpsbo |
|
| 801 | 1 |
_aRU _bELAR _2rusmarc |
|
| 852 |
_aNLR _jПт 76.1/34 |
||
| 942 | _cBOOK | ||
| 980 | _aNB | ||